Malované na skle : lidové podmalby /

Hlavní autor: Kafka, Luboš, 1962-
Jazyk: Čeština
Vydáno: Praha : Lika klub, 2005
Vydání: Vyd. 1.
Témata:
Externí odkaz: Digitalizovaný dokument
Fyzický popis: 180 s. : barev. il.; 28 cm
Knihy
Uloženo v:
LEADER 01485nam a2200421 a 4500
001 000804817
003 CZ BrMZK
005 20191210072652.0
007 ta
008 060104s2005 xr a e 000 0 cze
015 |a cnb001626932 
020 |a 80-86069-34-6  |q (váz.) 
035 |a (OCoLC)68740702 
040 |a ABA001  |b cze 
043 |a ec-----  |a e-xr--- 
072 7 |a 75  |x Malířství  |2 Konspekt  |9 21 
080 |a 75.031.4-033.5  |2 MRF 
080 |a (4-191.2)  |2 MRF 
080 |a (437.3)  |2 MRF 
080 |a (048.8)  |2 MRF 
080 |a (084.11)  |2 MRF 
100 1 |a Kafka, Luboš,  |d 1962-  |7 xx0039450  |4 aut 
245 1 0 |a Malované na skle :  |b lidové podmalby /  |c Luboš Kafka 
250 |a Vyd. 1. 
260 |a Praha :  |b Lika klub,  |c 2005 
300 |a 180 s. :  |b barev. il.;  |c 28 cm 
500 |a Frontispis a ilustrované předsádky 
500 |a Dostupné též v digitální podobě v aplikaci Kramerius 
504 |a Obsahuje bibliografii 
650 0 7 |a lidová malba na skle  |7 ph122305  |z Evropa střední  |2 czenas 
650 0 7 |a lidová malba na skle  |7 ph122305  |z Česko  |2 czenas 
655 7 |a monografie  |7 fd132842  |2 czenas 
655 7 |a obrazové publikace  |7 fd132947  |2 czenas 
856 4 1 |u http://www.digitalniknihovna.cz/mzk/uuid/uuid:62e276f0-f836-11e6-8830-005056827e51  |y Digitalizovaný dokument  |x NDK 
910 |a BOA001  |b 3-1162.360 
990 |a BK 
995 |a 60 
996 6 |b 2610267967  |c 3-1162.360  |l MZK  |r Sklad / do 1 hodiny  |n 7  |p p.v.  |w 000804817  |u 000010  |a 1  |e BOA001  |j MZK50  |s P